<?xml version="1.0" encoding="UTF-8"?>
<marc:record xmlns:marc="http://www.loc.gov/MARC21/slim">
   <marc:leader>00000nam a2200000 a 4500</marc:leader>
   <marc:datafield ind1="1" ind2=" " tag="100">
      <marc:subfield code="a">Shore, Debbie</marc:subfield>
      <marc:subfield code="4">aut</marc:subfield>
      <marc:subfield code="e">Verfasser/-in</marc:subfield>
   </marc:datafield>
   <marc:datafield ind1="0" ind2="0" tag="245">
      <marc:subfield code="a">Schön aufbewahrt &amp; selbst genäht</marc:subfield>
   </marc:datafield>
   <marc:datafield ind1="0" ind2="0" tag="245">
      <marc:subfield code="b">... auch aus Stoffresten</marc:subfield>
   </marc:datafield>
   <marc:datafield ind1="0" ind2="0" tag="245">
      <marc:subfield code="c">Debbie Shore ; Übersetzung: SAW Communications, Mainz, Sonja Häußler</marc:subfield>
   </marc:datafield>
   <marc:datafield ind1=" " ind2="1" tag="264">
      <marc:subfield code="a">München</marc:subfield>
      <marc:subfield code="b">Bassermann</marc:subfield>
   </marc:datafield>
   <marc:datafield ind1="1" ind2=" " tag="520">
      <marc:subfield code="a">Angaben aus der Verlagsmeldung

Taschen, Säckchen und mehr : Dekorative Aufbewahrungsprojekte zum Nähen / von Debbie Shore

Dekorative Aufbewahrungsideen für ein schöneres Zuhause

Die 23 einfachen Nähprojekte sind ebenso nützlich wie schön anzusehen: Die Vielfalt reicht vom Stoffkorb über den Wäschesack, eine Tragetasche für Gartenutensilien, Schmuckbeutel und Stifteetui bis hin zur Tasche für die Nähmaschine. Die Projekte helfen beim Ordnunghalten und verschönern gleichzeitig das Zuhause. Dank der klaren Anleitungen mit Schritt-für-Schritt-Abbildungen gelingen diese Nähprojekte ganz leicht.
</marc:subfield>
   </marc:datafield>
   <marc:datafield ind1=" " ind2=" " tag="020">
      <marc:subfield code="a">9783809435013</marc:subfield>
      <marc:subfield code="9">9783809435013</marc:subfield>
   </marc:datafield>
   <marc:datafield ind1=" " ind2=" " tag="020">
      <marc:subfield code="a">3809435015</marc:subfield>
      <marc:subfield code="9">3809435015</marc:subfield>
   </marc:datafield>
   <marc:datafield ind1=" " ind2=" " tag="041">
      <marc:subfield code="a">ger</marc:subfield>
   </marc:datafield>
</marc:record>
